LEADER 01467nam2 22003131i 450 001 UON00379864 005 20231205104521.862 010 $a88-368-0662-7 100 $a20100406f2001 |0itac50 ba 101 $aita 102 $aIT 105 $a|||| 1|||| 200 1 $aˆ1.: Il ‰Portogallo. 1.: Dalle origini al Seicento$fa cura di Luciana Stegagno Picchio 210 $aFirenze$cPassigli$dc2001 215 $a652 p.$d21 cm. 316 $a"aa 24/25":"[1/96 - LINGUA PORTOGHESE I]$5IT-UONSI S.CTesti EsamePOR 461 1$1001UON00393309$12001 $aCiviltà letteraria dei paesi di espressione portoghese$fa cura di Luciana Stegagno Picchio$1210 $aFirenze$cPassigli$1215 $av.$d21 cm.$v1 464 1$1001UON00393308$12001 $aˆ1.: ‰Dalle origini al Seicento$v 606 $aLetteratura portoghese$xStoria$3UONC040191$2FI 620 $aIT$dFirenze$3UONL000052 676 $a869.09$cLetteratura portoghese. Storia, descrizione, studi critici$v21 702 1$aStegagno Picchio$bLuciana$3UONV102644 712 $aPassigli$3UONV265885$4650 801 $aIT$bSOL$c20251017$gRICA 899 $aSIBA - SISTEMA BIBLIOTECARIO DI ATENEO$2UONSI 912 $aUON00379864 950 $aSIBA - SISTEMA BIBLIOTECARIO DI ATENEO$dSI S.C Testi Esame POR $eSI DC 1896 7 "aa 24/25":"[1/96 - LINGUA PORTOGHESE I] 996 $aPortogallo. 1.: Dalle origini al Seicento$91183078 997 $aUNIOR